Indywidualni mistrzowie świata na żużlu - Statystyki

Ogólne statystyki
  • Ten quiz został rozwiązany 2 242 razy
    412 od ostatniego zresetowania
  • Średni wynik to 41 z 79
Statystyki odpowiedzi
Rok Zawodnik % Poprawnych
2019 Bartosz Zmarzlik
93%
2020 Bartosz Zmarzlik
93%
2022 Bartosz Zmarzlik
93%
2023 Bartosz Zmarzlik
93%
2024 Bartosz Zmarzlik
93%
2010 Tomasz Gollob
92%
2003 Nicki Pedersen
88%
2007 Nicki Pedersen
88%
2008 Nicki Pedersen
88%
2013 Tai Woffinden
86%
2015 Tai Woffinden
86%
2018 Tai Woffinden
86%
2017 Jason Doyle
80%
1994 Tony Rickardsson
79%
1998 Tony Rickardsson
79%
1999 Tony Rickardsson
79%
2001 Tony Rickardsson
79%
2002 Tony Rickardsson
79%
2005 Tony Rickardsson
79%
2021 Artiom Łaguta
78%
1997 Greg Hancock
78%
2011 Greg Hancock
78%
2014 Greg Hancock
78%
2016 Greg Hancock
78%
2012 Chris Holder
74%
2004 Jason Crump
72%
2006 Jason Crump
72%
2009 Jason Crump
72%
1973 Jerzy Szczakiel
62%
1986 Hans Nielsen
61%
1987 Hans Nielsen
61%
1989 Hans Nielsen
61%
1995 Hans Nielsen
61%
1968 Ivan Mauger
56%
1969 Ivan Mauger
56%
1970 Ivan Mauger
56%
1972 Ivan Mauger
56%
1977 Ivan Mauger
56%
1979 Ivan Mauger
56%
1991 Jan Osvald Pedersen
54%
1996 Billy Hamill
48%
2000 Mark Loram
48%
1971 Ole Olsen
45%
1975 Ole Olsen
45%
1978 Ole Olsen
45%
1956 Ove Fundin
42%
1960 Ove Fundin
42%
1961 Ove Fundin
42%
1963 Ove Fundin
42%
1967 Ove Fundin
42%
1993 Sam Ermolenko
41%
1957 Barry Briggs
34%
1958 Barry Briggs
34%
1964 Barry Briggs
34%
1966 Barry Briggs
34%
1990 Per Jonsson
33%
1984 Erik Gundersen
31%
1985 Erik Gundersen
31%
1988 Erik Gundersen
31%
1992 Gary Havelock
31%
1936 Lionel van Praag
31%
1983 Egon Müller
24%
1981 Bruce Penhall
23%
1982 Bruce Penhall
23%
1980 Michael Lee
21%
1951 Jack Young
20%
1952 Jack Young
20%
1955 Peter Craven
19%
1962 Peter Craven
19%
1974 Anders Michanek
17%
1976 Peter Collins
17%
1950 Freddie Williams
16%
1953 Freddie Williams
16%
1937 Jack Milne
16%
1954 Ronnie Moore
16%
1959 Ronnie Moore
16%
1949 Tommy Price
15%
1938 Bluey Wilkinson
14%
1965 Björn Knutsson
13%
Nie znaleziono quizów pasujących do podanych kryteriów
Rozkład punktacji
Procent ludzi z każdym wynikiem
Percentyl według liczby udzielonych odpowiedzi
Twoja historia wyników
Nie rozwiązałeś tego quizu od ostatniego zresetowania